Đất lâm nghiệp : Giáo trình Đại học Lâm nghiệp phần I và II /

Đã lưu trong:
書目詳細資料
主要作者: Hà Quang Khải
其他作者: Đỗ Đình Sâm, Đỗ Thanh Hoa
格式: Sách giấy
語言:Vietnamese
出版: H. : Nông nghiệp, 2002
主題:
標簽: 添加標簽
沒有標簽, 成為第一個標記此記錄!
Thư viện lưu trữ: Thư viện Trường Đại học Đà Lạt
LEADER 00864nam a2200325 4500
001 DLU060054741
005 ##20060810
040 # # |a DLU  |b vie 
041 # # |a vie 
044 # # |a vn 
082 # # |a 333.75  |b HA-K 
100 # # |a Hà Quang Khải 
245 # # |a Đất lâm nghiệp :  |b Giáo trình Đại học Lâm nghiệp phần I và II /  |c Hà Quang Khải, Đỗ Đình Sâm, Đỗ Thanh Hoa 
260 # # |a H. :  |b Nông nghiệp,  |c 2002 
300 # # |a 320 tr. :  |b minh hoạ ;  |c 27 cm 
653 # # |a Đất rừng 
653 # # |a Giáo trình 
653 # # |a Tài nguyên đất 
700 # # |a Đỗ Đình Sâm 
700 # # |a Đỗ Thanh Hoa 
923 # # |a 15/2006 
992 # # |a 94.000 
994 # # |a DLU 
900 # # |a True 
911 # # |a Đào Thị Thu Huyền 
925 # # |a G 
926 # # |a A 
927 # # |a SH 
980 # # |a Thư viện Trường Đại học Đà Lạt